Classifica calciatori Serie A per quotazione al fantacalcio 2024-2025 - Statistics

Statistiche generali
  • Questo quiz è stato fatto 96 volte
    76 dall'ultimo reset
  • Il punteggio medio è 93 su 141
Statistiche sulle risposte
Nazione Squadra Ruolo Fantamedia Quotazione Risposta % Corretto
Belgio/Rep. Dem. del Congo Napoli Att 7.57 30 Lukaku
96%
Italia Bologna Cen 8.19 36 Orsolini
96%
Italia/Argentina Atalanta Att 8.67 40 Retegui
96%
Italia/Costa d'Avorio Fiorentina Att 8.08 34 Kean
95%
Francia/Guadalupe Inter Att 7.75 30 Thuram
95%
Francia/Guadalupa Juventus Cen 6.74 19 Thuram
95%
Spagna Genoa Dif 6.32 14 Martin
93%
Scozia/Inghilterra Napoli Cen 7.66 30 McTominay
91%
Stati Uniti/Croazia Milan Cen 7.49 28 Pulisic
91%
Serbia Juventus Att 7.38 24 Vlahovic
91%
Italia Inter Dif 6.55 16 Bastoni
89%
Argentina Inter Att 7.44 26 Martinez
89%
Turchia/Germania Juventus Att 7.01 22 Yildiz
89%
Italia Inter Dif 6.86 21 Dimarco
88%
Ucraina Roma Att 7.19 23 Dovbyk
88%
Olanda/Aruba Inter Dif 6.91 19 Dumfries
88%
Messico/Italia Milan Att 6.75 25 Gimenez
88%
Portogallo/Angola Milan Att 7.06 22 Leao
88%
Inghilterra/Nigeria Atalanta Att 7.94 33 Lookman
88%
Svizzera Inter Por 5.30 15 Sommer
88%
Italia Inter Cen 6.65 19 Barella
86%
Argentina/Italia Roma Att 7.48 20 Dybala
86%
Romania Parma Cen 6.45 15 Man
86%
Argentina Lazio Att 7.17 22 Castellanos
84%
Francia/Guyana Francese Milan Por 5.14 14 Maignan
84%
Olanda Milan Cen 7.18 25 Reijnders
84%
Camerun Napoli Cen 6.97 22 Anguissa
82%
Turchia/Germania Inter Cen 6.89 20 Calhanoglu
80%
Italia Juventus Por 5.18 14 Di Gregorio
80%
Italia Napoli Por 5.71 19 Meret
80%
Argentina/Spagna Como Cen 6.95 22 Paz
80%
Italia Lazio Cen 7.01 23 Zaccagni
80%
Belgio Atalanta Att 6.94 21 De Ketelaere
79%
Spagna Lazio Att 7.27 25 Pedro
79%
Argentina/Italia Roma Att 7.04 22 Soule
79%
Senegal/Francia Lazio Att 6.87 21 Dia
77%
Italia Udinese Att 7.05 21 Lucca
77%
Italia Roma Dif 6.26 14 Mancini
77%
Italia Napoli Att 7.22 19 Raspadori
77%
Serbia/Belgio Roma Por 5.38 16 Svilar
77%
Scozia/Inghilterra Torino Att 6.76 20 Adams
75%
Argentina Bologna Att 6.76 18 Castro
75%
Stati Uniti Juventus Cen 6.18 12 McKennie
75%
Italia Napoli Dif 6.36 15 Di Lorenzo
73%
Italia Inter Cen 6.72 15 Frattesi
73%
Svizzera/Senegal Bologna Cen 7.36 26 Ndoye
73%
Uzbekistan Roma Att 6.80 19 Shomurodov
73%
Portogallo Juventus Cen 6.50 14 Conceicao
71%
Spagna Fiorentina Por 5.41 16 De Gea
71%
Islanda Fiorentina Att 6.98 21 Gudmundsson
71%
Francia/Costa d'Avorio Roma Cen 6.38 15 Kone
71%
Olanda Juventus Cen 6.39 14 Koopmeiners
71%
Serbia/Montenegro Lecce Att 6.92 20 Krstovic
71%
Stati Uniti/Francia Juventus Cen 6.69 18 Weah
71%
Colombia Torino Att 7.79 13 Zapata
71%
Italia Juventus Dif 6.31 14 Cambiaso
70%
Italia Atalanta Por 5.32 15 Carnesecchi
70%
Olanda Atalanta Cen 6.53 16 De Roon
70%
Brasile Atalanta Cen 6.49 16 Ederson
70%
Svizzera Bologna Cen 6.22 13 Freuler
70%
Serbia/Spagna Torino Por 5.45 16 Milinkovic-Savic
70%
Polonia Bologna Por 5.04 13 Skorupski
70%
Austria/Serbia Inter Att 7.11 14 Arnautovic
68%
Italia Empoli Att 6.79 21 Esposito
68%
Francia/Rep. Dem. del Con. Juventus Att 7.78 20 Kolo Muani
68%
Belgio Roma Cen 7.36 22 Saelemaekers
68%
Brasile Inter Dif 6.61 17 Augusto
66%
Francia/Costa d'Avorio Parma Att 6.51 17 Bonny
66%
Italia/Canada Roma Cen 6.59 15 Cristante
66%
Brasile Fiorentina Dif 6.21 13 Dodo
66%
Francia/Spagna Milan Dif 6.29 13 Hernandez
66%
Armenia Inter Cen 6.25 12 Mkhitaryan
66%
Italia Cagliari Att 6.76 19 Piccoli
66%
Italia Napoli Cen 6.42 15 Politano
66%
Kosovo/Albania Napoli Dif 6.17 12 Rrahmani
66%
Germania/Camerun Inter Dif 6.33 12 Bisseck
64%
Italia Como Att 6.67 17 Cutrone
64%
Olanda Bologna Att 6.41 12 Dallinga
64%
Scozia Bologna Cen 6.39 12 Ferguson
64%
Germania/Olanda Fiorentina Dif 6.59 16 Gosens
64%
Italia Juventus Cen 6.26 13 Locatelli
64%
Grecia Lazio Por 5.50 12 Mandas
64%
Francia Udinese Att 7.19 18 Thauvin
64%
Croazia Torino Cen 6.67 17 Vlasic
64%
Spagna/Senegal Como Cen 7.93 15 Diao
63%
Brasile/Italia Como Cen 6.80 21 Strefezza
63%
Italia/Egitto Roma Cen 6.71 15 El Shaarawy
61%
Argentina Juventus Att 6.37 13 Gonzalez
61%
Italia Genoa Por 5.10 13 Leali
61%
Belgio/Rep. Dem. del Congo Juventus Att 7.13 12 Mbangula
61%
Brasile Napoli Cen 6.72 17 Neres
61%
Italia Atalanta Att 0 14 Scamacca
61%
Macedonia del Nord Torino Cen 7.04 13 Elmas
59%
Italia Fiorentina Cen 6.67 17 Mandragora
59%
Danimarca Bologna Att 6.84 18 Odgaard
59%
Argentina Roma Cen 6.68 12 Paredes
59%
Italia Atalanta Dif 6.40 14 Zappacosta
59%
Italia Cagliari Dif 6.60 18 Zortea
59%
Spagna Roma Dif 6.32 14 Angelino
57%
Italia Cagliari Por 5.16 14 Caprile
57%
Italia Empoli Att 6.39 14 Colombo
57%
Argentina/Italia Inter Att 6.57 13 Correa
57%
Italia Inter Dif 6.37 12 Darmian
57%
Italia Parma Dif 6.21 12 Delprato
57%
Italia Genoa Att 6.68 19 Pinamonti
57%
Portogallo/Capo Verde Lazio Dif 6.50 12 Tavares
57%
Italia Atalanta Dif 6.26 12 Bellanova
55%
Argentina Bologna Att 6.82 19 Dominguez
55%
Francia/Mali Milan Cen 6.22 12 Fofana
55%
Serbia Milan Att 6.33 12 Jovic
55%
Portogallo/Lussemburgo Monza Att 6.31 12 Mota
55%
Nigeria/Inghilterra Lazio Cen 6.65 12 Dele-Bashiru
54%
Danimarca Lazio Att 6.34 13 Isaksen
54%
Italia Venezia Cen 6.53 17 Nicolussi Caviglia
54%
Francia/Portogallo Como Cen 6.36 14 Da Cunha
52%
Romania Cagliari Cen 6.41 13 Marin
52%
Italia Venezia Cen 6.34 15 Oristanio
50%
Argentina/Italia Fiorentina Att 6.42 15 Beltran
48%
Francia Como Cen 6.78 13 Caqueret
48%
Italia Empoli Cen 6.98 16 Fazzini
48%
Portogallo Milan Att 6.42 12 Joao Felix
48%
Olanda Udinese Cen 6.27 12 Ekkelenkamp
46%
Colombia Verona Att 6.30 13 Mosquera
46%
Nigeria Milan Cen 6.78 12 Chukwueze
45%
Italia/Venezuela Atalanta Cen 6.59 13 Maldini
45%
Italia Bologna Att 6.50 15 Cambiaghi
43%
Svezia/Senegal Verona Att 6.26 13 Sarr
43%
Francia/Algeria Fiorentina Cen 6.95 16 Adli
41%
Italia Bologna Cen 6.48 12 Fabbian
41%
Brasile Parma Cen 6.42 13 Hernani
41%
Svizzera/Nigeria Parma Cen 6.26 13 Sohm
41%
Italia Parma Dif 6.24 13 Valeri
39%
Bosnia Erzegovina/Italia Parma Att 6.61 13 Djuric
36%
Italia Cagliari Cen 6.41 12 Gaetano
36%
Danimarca Verona Att 6.70 14 Tengstedt
36%
Inghilterra/Nigeria Empoli Cen 6,64 13 Anjorin
34%
Svezia Parma Cen 7.85 12 Ondrejka
34%
Islanda Venezia Cen 6.21 13 Ellertsson
32%
Italia Atalanta Cen 6.72 15 Brescianini
30%
Italia Monza Dif 6.35 12 Birindelli
25%
Italia Fiorentina Cen 6.40 12 Cataldi
25%
Nessun quiz corrispondente trovato
Distribuzione punteggi
Percentuale di utenti per punteggio
Percentile per numero di risposta
I tuoi punteggi nel tempo
Non hai fatto questo quiz dall'ultimo reset